[Event "White Nights Men"]
[Site "St Petersburg RUS"]
[Date "2000.06.26"]
[Round "4"]
[White "Bakre,T"]
[Black "Kruppa,Y"]
[Result "0-1"]
[WhiteElo "2352"]
[BlackElo "2561"]

1.e4 e6 2.d4 d5 3.Nc3 Bb4 4.e5 b6 5.a3 Bf8 6.f4 Ne7 7.Nf3 h5 8.Bb5+ c6 9.Ba4 Ba6
10.Ne2 Bb5 11.Bxb5 cxb5 12.Qd3 a6 13.Bd2 Nbc6 14.Bb4 Qd7 15.O-O g6 16.Nh4 Rc8
17.Be1 Nb8 18.b3 Nec6 19.c3 Na5 20.Qb1 Be7 21.Ra2 Nbc6 22.Nxg6 fxg6 23.Qxg6+ Kd8
24.f5 Kc7 25.fxe6 Qd8 26.Rf7 Kb8 27.Nf4 Nxb3 28.Qg7 Rg8 29.Qh7 Nba5 30.Qxh5 Bg5
31.Ng6 Be3+ 32.Bf2 Qg5 33.Qxg5 Bxg5 34.Nf4 Bxf4 35.Rxf4 Rge8 36.h4 Nd8 37.Be1 Nxe6
38.Rf6 Nc6 39.g4 a5 40.g5 b4 41.axb4 axb4 42.g6 bxc3 43.Bxc3 Ncd8 44.Be1 Rc1
45.Kf1 Nxd4 46.g7 N4e6 47.Rg2 Nxg7 48.Rxg7 Rxe5 49.Rxb6+ Kc8 50.Rd6 Ne6 51.Rgd7 Rexe1+
52.Kf2 Rf1+ 53.Kg3 Rg1+ 54.Kh2 Rh1+ 55.Kg3 Rcg1+ 56.Kf2 Rf1+ 57.Kg3 Rhg1+
58.Kh2 Rg8 59.Rxd5 Nf4 60.Rd2 Rf3  0-1

[Event "ch-SVK U-20"]
[Site "Bratislava SVK"]
[Date "2000.07.01"]
[Round "5"]
[White "Pinter,E"]
[Black "Markos,J"]
[Result "1/2-1/2"]
[WhiteElo "2212"]
[BlackElo "2225"]

1.e4 e6 2.Nc3 d5 3.d4 Bb4 4.e5 b6 5.Qg4 Bf8 6.a3 a5 7.h4 Ba6 8.Bxa6 Nxa6
9.h5 h6 10.Be3 Qd7 11.Nge2 Ne7 12.O-O Nf5 13.Ng3 O-O-O 14.Nxf5 exf5 15.Qe2 Nb8
16.b4 Qc6 17.Nb5 Qc4 18.Qxc4 dxc4 19.bxa5 bxa5 20.Rab1 Nc6 21.Rfd1 Be7 22.d5 Nxe5
23.Bf4 Bd6 24.Bxe5 Bxe5 25.Na7+ Kd7 26.Nc6 Rde8 27.Nxa5 Bd6 28.Nxc4 Re2 29.Ne3 Bg3
30.fxg3 Rxe3 31.Rb3 Re2 32.Rc3 Rhe8 33.Kf1 R2e4 34.Kf2 f4 35.gxf4 Rxf4+ 36.Rf3 Ree4
37.Rd3 f6 38.Rxf4 Rxf4+ 39.Ke3 Rc4 40.c3 Kd6 41.Ke2 Re4+ 42.Re3 Rg4 43.Kf2 Kxd5
44.Rg3 Rc4 45.Ke2 c5 46.Kd3 Ra4 47.Rxg7 c4+ 48.Kc2 Rxa3 49.Kb2 Rb3+ 50.Kc2 Rb5
51.Rg6 Ke6 52.Rxh6 Rg5 53.Rg6 Rxh5 54.Rg4 Kd5 55.Rd4+ Kc5 56.Rf4 f5 57.g4 fxg4
58.Rxg4 Rh2+ 59.Kc1 Kb5 60.Rf4 Rg2 61.Rh4 Ka4 62.Rxc4+ Kb3 63.Rc8 Rc2+  1/2-1/2

[Event "29th ch-GRE Team"]
[Site "Athens GRE"]
[Date "2000.07.08"]
[Round "3"]
[White "Markidis,K"]
[Black "Skalkotas,N"]
[Result "1/2-1/2"]
[WhiteElo "2333"]
[BlackElo "2285"]

1.e4 e6 2.d4 d5 3.Nc3 Bb4 4.e5 b6 5.a3 Bxc3+ 6.bxc3 Qd7 7.a4 Ba6 8.Bxa6 Nxa6
9.Qe2 Nb8 10.Nf3 Nc6 11.O-O Na5 12.Ng5 h5 13.Qf3 f6 14.exf6 gxf6 15.Nh3 O-O-O
16.Re1 Nc4 17.a5 bxa5 18.Nf4 e5 19.dxe5 fxe5 20.Ng6 e4 21.Qe2 Rh7 22.Ne5 Qb5
23.Nxc4 dxc4 24.Qxe4 Re7 25.Qa8+ Qb8 26.Qxb8+ Kxb8 27.Be3 Rd5 28.Bd4 Rxe1+
29.Rxe1 a4 30.Kf1 a3 31.Ra1 Ra5 32.f4 Ne7 33.Ke2 Kb7 34.Kf3 Kc6 35.Ke4 a2
36.g3 Nf5 37.Be5 Nd6+ 38.Kd4 Ra4 39.Bxd6 cxd6 40.h3 Kd7 41.f5 Ke7 42.Ke4 Kf6
43.Kf4 Ra5 44.g4 hxg4 45.hxg4 Kf7 46.Kg5 Kg7 47.Kh5 Kh7 48.g5 Rxf5 49.Rxa2 a5
50.Rb2 Rf2 51.Rb7+ Kg8 52.Kh6 Rh2+ 53.Kg6 Kf8 54.Rc7 d5 55.Rc5 Rxc2 56.Rxa5 Rxc3
57.Rxd5  1/2-1/2

[Event "GM"]
[Site "Dortmund GER"]
[Date "2000.07.09"]
[Round "3"]
[White "Skripchenko,A"]
[Black "Mainka,G"]
[Result "1-0"]
[WhiteElo "2444"]
[BlackElo "2357"]

1.e4 e6 2.d4 d5 3.Nc3 Bb4 4.e5 Ne7 5.a3 Bxc3+ 6.bxc3 b6 7.Qg4 Ng6 8.h4 h5
9.Qd1 Ba6 10.Bxa6 Nxa6 11.Bg5 Qd7 12.Ne2 Ne7 13.Nf4 g6 14.a4 Nb8 15.a5 Qc6
16.Qd2 Nd7 17.f3 Nf8 18.Bf6 Rg8 19.g4 hxg4 20.fxg4 Nh7 21.Nd3 Qd7 22.Bxe7 Qxe7
23.g5 Kd7 24.Nf2 Rh8 25.Ke2 b5 26.Rh3 Kc6 27.Rf3 Nf8 28.Qf4 Rh7 29.Qg3 Nd7
30.Ng4 Rah8 31.Nh6 f5 32.exf6 Qd6 33.Kf2 e5 34.dxe5 Nxe5 35.Rf5 Rxh6 36.gxh6 Nf7
37.Re1 Nxh6 38.Rf3 Nf5 39.Qxd6+ Kxd6 40.f7  1-0

[Event "10th It"]
[Site "Lippstadt GER"]
[Date "2000.07.09"]
[Round "4"]
[White "Luther,T"]
[Black "Schlosser,P"]
[Result "1/2-1/2"]
[WhiteElo "2547"]
[BlackElo "2523"]

1.e4 e6 2.d4 d5 3.Nc3 Bb4 4.e5 b6 5.Qg4 Bf8 6.Nh3 Qd7 7.Bg5 h6 8.Be3 Nc6
9.a3 Bb7 10.Bd3 O-O-O 11.Nf4 Kb8 12.O-O Nge7 13.b4 Nf5 14.Nce2 g6  1/2-1/2

[Event "t-EuCh U18"]
[Site "Balatonlelle HUN"]
[Date "2000.07.12"]
[Round "4"]
[White "Bokros,A"]
[Black "Kristjansson,S"]
[Result "1-0"]
[WhiteElo "2479"]
[BlackElo "2281"]

1.e4 e6 2.d4 d5 3.Nc3 Bb4 4.e5 Ne7 5.Nf3 c5 6.dxc5 a6 7.Bd3 Nd7 8.O-O Nxc5
9.Be2 Bd7 10.Qd4 Qa5 11.Bd2 Nf5 12.Qf4 Na4 13.Nb1 Bxd2 14.Nbxd2 Rc8 15.c4 Nxb2
16.Rab1 Nxc4 17.Bxc4 dxc4 18.g4 Ne7 19.Nxc4 Rxc4 20.Qxc4 Bc6 21.Nd4 Bd5 22.Qb4 Qxb4
23.Rxb4 O-O 24.f4 Rc8 25.f5 Rc3 26.Rb6 h6 27.Rd6 Rc4 28.fxe6 fxe6 29.Nxe6 Rxg4+
30.Kf2 Rg2+ 31.Ke3 Bxa2 32.Rd8+  1-0

[Event "t-EuCh U18"]
[Site "Balatonlelle HUN"]
[Date "2000.07.13"]
[Round "5"]
[White "Langheinrich,F"]
[Black "Vavrak,P"]
[Result "1-0"]
[WhiteElo "2384"]
[BlackElo "2361"]

1.e4 e6 2.d4 d5 3.Nc3 Bb4 4.e5 b6 5.a3 Bf8 6.Nf3 Qd7 7.Ne2 Ba6 8.h4 c5 9.c3 Nc6
10.b4 Bc4 11.Nf4 cxd4 12.cxd4 b5 13.Be3 Nge7 14.Bxc4 dxc4 15.Ng5 Nd5 16.Nh5 g6
17.Nf6+ Nxf6 18.exf6 Qd5 19.Nf3 a5 20.O-O Bd6 21.Bh6 axb4 22.Bg7 Rg8 23.axb4 Kd7
24.Ng5 Nxd4 25.Rxa8 Rxa8 26.Nxf7 Bxb4 27.Ng5 h6 28.Nh7 Ke8 29.f7+ Kxf7 30.Bxd4 Rd8
31.Qb1 Qxd4 32.Qxb4 c3 33.Qxb5 c2 34.Qb7+ Kg8 35.Qe7 Rf8 36.Qxf8+ Kxh7  1-0

[Event "ch-Paris"]
[Site "Paris FRA"]
[Date "2000.07.17"]
[Round "3"]
[White "Bernard,Ja"]
[Black "Olivier,Ph"]
[Result "1-0"]
[WhiteElo "2246"]
[BlackElo "2131"]

1.e4 e6 2.d4 d5 3.Nc3 Bb4 4.e5 Ne7 5.a3 Bxc3+ 6.bxc3 c5 7.h4 Qc7 8.Rh3 Nbc6
9.h5 h6 10.f4 Bd7 11.Nf3 O-O-O 12.Bd3 c4 13.Bf1 f6 14.g4 Rdf8 15.Be3 Be8
16.Bg2 g6 17.hxg6 Bxg6 18.exf6 Rxf6 19.Ne5 Be4 20.Bxe4 dxe4 21.Qe2 Na5 22.g5 Rf5
23.Rxh6 Rxh6 24.gxh6 Nd5 25.Qh2 Qh7 26.Kd2 Rf6 27.Rh1 b6 28.Qh5 Rf8 29.Qg6 Nf6
30.Rg1 Nb7 31.Qxh7 Nxh7 32.Rg7 Nf6 33.Ng6 Nd6 34.Nxf8  1-0

[Event "Golden Cleopatra Open"]
[Site "Cairo EGY"]
[Date "2000.07.19"]
[Round "8"]
[White "Abdel Aziem,R"]
[Black "Abdel Razik,K"]
[Result "0-1"]
[WhiteElo "2242"]
[BlackElo "2405"]

1.e4 e6 2.d4 d5 3.Nc3 Bb4 4.e5 Ne7 5.Bd3 c5 6.a3 Bxc3+ 7.bxc3 Nbc6 8.Nf3 c4
9.Be2 Qa5 10.Qd2 O-O 11.O-O f6 12.exf6 Rxf6 13.a4 Ng6 14.Re1 Bd7 15.Ba3 Qc7
16.Bf1 Nd8 17.a5 Nf7 18.Qe3 Rd8 19.Bc5 Qb8 20.Ne5 Bc8 21.g3 Nd6 22.Nxg6 hxg6
23.Bh3 Qc7 24.Bxa7 Qf7 25.f4 Ne4 26.Bg2 Bd7 27.Bb6 Ra8 28.Bc7 Qe7 29.Be5 Rf7
30.h4 Bc6 31.Kh2 Qd8 32.Ra3 Rxa5 33.Rea1 b6 34.Qf3 Kh7 35.Bh3 Bd7 36.Rxa5 bxa5
37.Rb1 Nd2 38.Qd1 Nxb1 39.Qxb1 a4 40.Qb4 Qa8 41.Qa3 Qb7 42.Qa2 Qb6 43.Bg4 Be8
44.h5 Ra7 45.hxg6+ Bxg6 46.Qa3 Bxc2 47.Bh5 Kg8 48.Bg4 Be4 49.Kh3 Kf7 50.f5 exf5
51.Bh5+ Kg8 52.g4 g6 53.Qc1 gxh5 54.Qg5+ Kh7 55.Bf6 fxg4+ 56.Kh4 Bg6 57.Be5 a3
58.Bf4 a2 59.Qh6+ Kg8 60.Be5 Rh7 61.Qc1 Qd8+ 62.Kg3 Qf8 63.Qb2 h4+ 64.Kg2 Qf3+
65.Kg1 Qd1+ 66.Kh2  0-1

[Event "Open"]
[Site "Dieren NED"]
[Date "2000.07.20"]
[Round "3"]
[White "Van der Veen,Jan"]
[Black "Jens,J"]
[Result "0-1"]
[WhiteElo "2092"]
[BlackElo "2280"]

1.e4 e6 2.d4 d5 3.Nc3 Bb4 4.e5 b6 5.Bd2 Ne7 6.Bb5+ c6 7.Ba4 a5 8.a3 Bxc3
9.Bxc3 O-O 10.Bd2 c5 11.c3 Nf5 12.Ne2 Qh4 13.O-O cxd4 14.Nxd4 Nxd4 15.cxd4 Qxd4
16.Re1 Bd7 17.Bc2 h6 18.Re3 Nc6 19.Qe2 Rac8 20.Bc3 Qc4 21.Bd3 Qf4 22.Rf3 Qg4
23.h3 Qh4 24.Rg3 Kh8 25.Rg4 Qh5 26.Qe3 Rcd8 27.Bc2 b5 28.Qg3 Ne7 29.Rxg7 Ng6
30.Bxg6 fxg6 31.Rxg6 Rg8 32.Rxg8+ Rxg8 33.Qe3 d4 34.Bxd4 Bc6 35.g4 Rxg4+
36.Kf1 Re4 37.Qf3 Qxf3  0-1

[Event "Open"]
[Site "Dieren NED"]
[Date "2000.07.24"]
[Round "6"]
[White "Bhuiyan,A"]
[Black "Wilgenhof,O"]
[Result "0-1"]
[WhiteElo "2080"]
[BlackElo "2262"]

1.e4 e6 2.d4 d5 3.Nc3 Bb4 4.e5 Ne7 5.Nf3 c5 6.Bd2 O-O 7.Bd3 f6 8.a3 Bxc3
9.Bxc3 c4 10.Be2 Ng6 11.h4 fxe5 12.dxe5 Nc6 13.h5 Nf4 14.Bf1 Rf5 15.g3 Rxh5
16.Rxh5 Nxh5 17.Qd2 Qf8 18.Bg2 b5 19.Qe3 a5 20.Qb6 Bd7 21.Qe3 g6 22.Ke2 b4
23.Bd4 Ng7 24.Qd2 c3 25.bxc3 bxa3 26.Qc1 Qf5 27.Rxa3 Nxd4+ 28.cxd4 Bb5+ 29.Kd1 Rc8
30.Qd2 a4 31.Ne1 Rb8 32.Kc1 Qf8 33.Rf3 Nf5 34.g4 a3 35.gxf5 a2 36.Kb2 Bc4+
37.Rb3 Bxb3 38.cxb3 Qa3+ 39.Ka1 Qxb3  0-1

[Event "KB Czech Open"]
[Site "Pardubice CZE"]
[Date "2000.07.27"]
[Round "7"]
[White "Stefansson,H"]
[Black "Potkin,V"]
[Result "1/2-1/2"]
[WhiteElo "2557"]
[BlackElo "2420"]

1.e4 e6 2.d4 d5 3.Nc3 Bb4 4.e5 Ne7 5.a3 Bxc3+ 6.bxc3 c5 7.Qg4 O-O 8.Bd3 f5
9.exf6 Rxf6 10.Bg5 Rf7 11.Qh5 g6 12.Qd1 Nbc6 13.Nf3 Qa5 14.Bd2 Qc7 15.O-O e5
16.Nxe5 Nxe5 17.dxe5 Qxe5 18.c4 Bf5 19.Bxf5 Nxf5 20.Re1 Qd4 21.cxd5 Qxd5
22.Bc3 Nd4 23.Re3 Qf5 24.Qf1 Qxc2 25.Rc1 Qa2 26.Bxd4 cxd4 27.Rd3 Rd8 28.Rcd1 Qc4
29.Qe1 b5 30.h4 Qc5 31.Qe4 Rfd7 32.Rg3 Qd5 33.Qg4 Kh8 34.Rgd3 a5 35.Qg3 Qc5
36.Qf4 b4 37.axb4 axb4 38.Rb1  1/2-1/2

[Event "MTO Open"]
[Site "Biel SUI"]
[Date "2000.07.28"]
[Round "5"]
[White "Hubschmid,S"]
[Black "Huss,A"]
[Result "0-1"]
[WhiteElo "2140"]
[BlackElo "2346"]

1.e4 e6 2.d4 d5 3.Nc3 Bb4 4.e5 Qd7 5.a3 Bxc3+ 6.bxc3 b6 7.Qg4 f5 8.Qg3 Nc6
9.a4 Bb7 10.Be2 O-O-O 11.Nh3 Na5 12.Nf4 g6 13.O-O Ne7 14.Nd3 h6 15.h4 Rdg8
16.f4 Nec6 17.Qf2 Nc4 18.Rd1 N6a5 19.Nb2 Nxb2 20.Bxb2 g5 21.Kh2 Nc4 22.Bc1 a5
23.Rd3 Qe7 24.g3 gxh4 25.gxh4 Rg7 26.Kh3 Rhg8 27.Bd2 Ba6 28.Bh5 Bb7 29.Qh2 Bc6
30.Be1 Rg1 31.Bf3 Bxa4 32.Rxa4 Rxe1 33.Rd1 Rxd1 34.Bxd1 Nb2 35.Ra1 Nxd1 36.Rxd1 Qg7  0-1

[Event "15th Open"]
[Site "Avoine FRA"]
[Date "2000.07.29"]
[Round "8"]
[White "Tirard,H"]
[Black "Apicella,M"]
[Result "1-0"]
[WhiteElo "2399"]
[BlackElo "2506"]

1.e4 e6 2.d4 d5 3.Nc3 Bb4 4.e5 Ne7 5.a3 Bxc3+ 6.bxc3 c5 7.Qg4 O-O 8.Bd3 Nbc6
9.Nf3 f5 10.Qh4 Bd7 11.Bg5 c4 12.Be2 Qe8 13.Bf4 Ng6 14.Qg3 Nxf4 15.Qxf4 Ne7
16.h4 Ba4 17.Kd2 a5 18.h5 b5 19.h6 g6 20.Ng5 Nc6 21.Rhb1 Qe7 22.Nf3 b4 23.Qg5 Qc7
24.Rb2 bxc3+ 25.Kxc3 Na7 26.Rab1 Bb3 27.a4 Nb5+ 28.axb5 a4 29.cxb3 cxb3+
30.Kd2 Rac8 31.Qe3 Qa5+ 32.Kd1 Rc3 33.Qg5 Qc7 34.b6 Qxb6 35.Qe7 Rc7 36.Qd6 Rc6
37.Qa3 Rfc8 38.Qxa4 Qc7 39.Qxb3 Rc3 40.Qxc3 Qxc3 41.Rb8 f4 42.Rxc8+ Qxc8
43.Ng5 Qf8 44.Bg4 Qxh6 45.Bxe6+ Kf8 46.Rb8+ Ke7 47.Rb7+ Ke8 48.Rb8+ Ke7 49.Rb7+ Ke8
50.Nxh7 Qh1+ 51.Ke2  1-0

[Event "MTO Open"]
[Site "Biel SUI"]
[Date "2000.08.01"]
[Round "8"]
[White "Pavlovic,Mi"]
[Black "Huss,A"]
[Result "1/2-1/2"]
[WhiteElo "2461"]
[BlackElo "2346"]

1.e4 e6 2.d4 d5 3.Nc3 Bb4 4.e5 b6 5.a3 Bxc3+ 6.bxc3 Qd7 7.Qg4 f5 8.Qg3 Nc6
9.Nh3 Bb7 10.Nf4 O-O-O 11.a4 Na5 12.Bb5 Qf7 13.Ba3 a6 14.Be2 Ne7 15.h4 Rhg8
16.Qg5 Nec6 17.Qh5 Qxh5 18.Bxh5 g6 19.Be2 Rde8 20.Bc1 Nd8 21.f3 Nf7 22.g4 fxg4
23.fxg4 c5 24.Rf1 Rg7 25.Rb1 Kc7 26.Nd3 c4 27.Nf4 Bc6 28.Ra1 Nh8 29.g5 Rf7
30.Bg4 Bd7 31.Ba3 Nb7 32.Kd2 Nd8 33.Bd6+ Kc6 34.Rf3 a5  1/2-1/2

[Event "MTO Open"]
[Site "Biel SUI"]
[Date "2000.08.03"]
[Round "10"]
[White "Pavlovic,Mi"]
[Black "Thompson,I"]
[Result "1-0"]
[WhiteElo "2461"]
[BlackElo "2208"]

1.e4 e6 2.d4 d5 3.Nc3 Bb4 4.e5 Ne7 5.a3 Bxc3+ 6.bxc3 c5 7.Nf3 Nbc6 8.Be2 Qa5
9.Bd2 cxd4 10.cxd4 Qa4 11.Rb1 Nxd4 12.Bd3 Ndc6 13.O-O Nf5 14.Bb5 Qg4 15.h3 Qg6
16.Bd3 f6 17.Nh4 Qf7 18.Nxf5 exf5 19.exf6 Qxf6 20.Re1+ Kf7 21.Qh5+ g6 22.Qh6 b6
23.Bb5 Bd7 24.Bg5 Qg7 25.Bxc6 Qxh6 26.Bxd5+ Kg7 27.Re7+ Kf8 28.Rf7+ Ke8 29.Bxh6  1-0

[Event "A64 Open"]
[Site "Olomouc CZE"]
[Date "2000.08.04"]
[Round "3"]
[White "Ciuksyte,D"]
[Black "Johansson,Ja"]
[Result "0-1"]
[WhiteElo "2210"]
[BlackElo "2353"]

1.e4 e6 2.d4 d5 3.Nc3 Bb4 4.e5 b6 5.Qg4 Bf8 6.h4 h5 7.Qf4 Qd7 8.Nge2 Ba6
9.Be3 Nh6 10.f3 Nf5 11.Ng3 Bxf1 12.Rxf1 g6 13.Nxf5 gxf5 14.Qg3 Nc6 15.O-O-O O-O-O
16.Bg5 Re8 17.Qf2 Na5 18.Qe2 Be7 19.Qa6+ Kb8 20.Bxe7 Qxe7 21.Nb5 c6 22.Nd6 Reg8
23.Rf2 Nb7 24.Nxb7 Qxb7 25.Qa4 Rg3 26.c4 Rc8 27.Rc2 b5 28.cxb5 cxb5 29.Qb4 Rxg2
30.Rc5 Rxc5+ 31.dxc5 Qa6 32.Rd3 Rg8 33.Rb3 Rg1+ 34.Kd2 Rg2+ 35.Kd3 Qc6 36.Qxb5+ Qxb5+
37.Rxb5+ Kc7 38.Rb3 Kc6 39.Kd4 Rh2 40.Ra3 Rxh4+ 41.Kd3 Rb4 42.Rxa7 Rxb2 43.Ra8 Rf2
44.Ke3 Rc2 45.Ra7 Rc3+ 46.Kf4 Rc4+ 47.Ke3 Kxc5 48.Rxf7 d4+ 49.Kf4 Kb4 50.Re7 Kc3
51.Rxe6 d3+ 52.Ke3 f4+ 53.Kf2 Rc5  0-1

[Event "TCh-ESP"]
[Site "Barcelona ESP"]
[Date "2000.08.07"]
[Round "3"]
[White "Gonzalez Diaz,D"]
[Black "Gonzalez Menendez,I"]
[Result "0-1"]
[WhiteElo "2267"]
[BlackElo "2242"]

1.e4 e6 2.d4 d5 3.Nc3 Bb4 4.e5 Ne7 5.a3 Bxc3+ 6.bxc3 c5 7.Nf3 Bd7 8.Bd3 c4
9.Be2 Ba4 10.O-O h6 11.g3 Kd7 12.Nh4 Qg8 13.f4 Qh7 14.f5 g5 15.fxg6 fxg6
16.Ng2 g5 17.Ne3 h5 18.Rb1 b6 19.Rb4 b5 20.Rf2 Nbc6 21.Rb2 g4 22.Qf1 Rag8
23.Rf6 Nd8 24.Qf2 Qg7 25.Ng2 Rf8 26.Nh4 Rf7 27.Rxf7 Nxf7 28.Bf4 Ng5 29.Bf1 Rf8
30.Qe3 Nh3+ 31.Bxh3 gxh3 32.Qf3 a6 33.Qf1 Qg4 34.Qf3 Qxf3 35.Nxf3 Ng6 36.Kf2 Nxf4
37.gxf4 Rxf4 38.Ke3 Rg4 39.Ra2 Rg2 40.Kf4 Bxc2 41.Ne1 Rxh2 42.Ke3 Re2+ 43.Kxe2 h2
44.Rxc2 h1=Q 45.Kf2 h4 46.Re2 h3 47.Nf3 h2 48.Re1 Qxe1+  0-1

[Event "TCh-ESP"]
[Site "Barcelona ESP"]
[Date "2000.08.10"]
[Round "6"]
[White "Martos Exposito,M"]
[Black "Castillo,S"]
[Result "1/2-1/2"]
[WhiteElo "2016"]
[BlackElo "2115"]

1.e4 e6 2.d4 d5 3.Nc3 Bb4 4.e5 b6 5.a3 Bf8 6.Nf3 Ba6 7.Bxa6 Nxa6 8.h4 Ne7
9.h5 h6 10.Qd3 Nb8 11.Qb5+ Qd7 12.Qxd7+ Kxd7 13.Ne2 c5 14.c3  1/2-1/2

[Event "Lost Boys Open"]
[Site "Amsterdam NED"]
[Date "2000.08.11"]
[Round "1"]
[White "David,Alb"]
[Black "De Jong,M"]
[Result "1/2-1/2"]
[WhiteElo "2487"]
[BlackElo "2276"]

1.e4 e6 2.d4 d5 3.Nc3 Bb4 4.e5 Ne7 5.a3 Bxc3+ 6.bxc3 c5 7.Qg4 Qc7 8.Bd3 Kf8
9.Nf3 cxd4 10.O-O dxc3 11.a4 Nd7 12.Qh5 Nc5 13.Ba3 Nxd3 14.cxd3 Kg8 15.Rac1 Ng6
16.Qg5 Bd7 17.Bb4 c2 18.a5 Rc8 19.Qe3 a6 20.Rfe1 h6 21.Nd4 Ba4 22.f4 Qd7
23.Rf1 Re8 24.Qh3 Ne7 25.Bxe7 Qxe7 26.Nxc2 Kh7 27.f5 Qg5 28.Nd4 exf5 29.Rc7 Rxe5
30.Rxf7 Be8 31.Rxb7 Bg6 32.Nf3 Qe3+ 33.Kh1 Re6 34.Qg3 f4 35.Qh3 Bxd3 36.Ng5+ Kg6
37.Qxe6+ Qxe6 38.Nxe6 Bxf1 39.Nxf4+ Kh7 40.Nxd5 Rd8 41.Ne3 Bb5 42.h3 Rd7
43.Rxd7 Bxd7 44.Kh2 Kg6  1/2-1/2

[Event "Summer Festival Open"]
[Site "Lisbon POR"]
[Date "2000.08.21"]
[Round "1"]
[White "Mitkov,N"]
[Black "Rodrigues,R"]
[Result "1-0"]
[WhiteElo "2532"]
[BlackElo "2112"]

1.e4 e6 2.d4 d5 3.Nc3 Bb4 4.e5 Ne7 5.Bd2 c5 6.Nb5 Bxd2+ 7.Qxd2 O-O 8.f4 Nd7
9.Nf3 f6 10.c3 Nc6 11.Be2 a6 12.Nd6 b5 13.O-O Qb6 14.Kh1 Rb8 15.Bd3 Nd8 16.Qf2 Nf7
17.Qh4 g6 18.Nxf7 Rxf7 19.exf6 Nxf6 20.Ne5 Rf8 21.dxc5 Qxc5 22.Rae1 Rb7 23.a3 Ne8
24.Rf3 Qe7 25.Qf2 Nf6 26.Qd4 Qd6 27.Rfe3 Rc7 28.g3 Qc5 29.Qxc5 Rxc5 30.Nf3 Ne8
31.Nd4 Ng7 32.Re5 Re8 33.Kg1 Kf7 34.Nf3 Bd7 35.Bf1 h6 36.g4 Rc6 37.Bd3 Rd6  1-0

[Event "Open"]
[Site "Polanica Zdroj POL"]
[Date "2000.08.21"]
[Round "5"]
[White "Volokitin,A"]
[Black "Wisniewski,Adr"]
[Result "1-0"]
[WhiteElo "2447"]
[BlackElo "2292"]

1.e4 e6 2.d4 d5 3.Nc3 Bb4 4.e5 Ne7 5.a3 Bxc3+ 6.bxc3 c5 7.Qg4 Kf8 8.a4 Qc7
9.Nf3 cxd4 10.Qxd4 Nbc6 11.Qc5 Qa5 12.Bb5 a6 13.Ba3 axb5 14.axb5 f6 15.O-O Qc7
16.bxc6 Kf7 17.Qxe7+ Qxe7 18.Bxe7 Rxa1 19.Rxa1  1-0

[Event "ch-NED Women"]
[Site "Rotterdam NED"]
[Date "2000.08.22"]
[Round "1"]
[White "Slingerland,C"]
[Black "Harmsen,J"]
[Result "1/2-1/2"]
[WhiteElo "2096"]
[BlackElo "2170"]

1.d4 e6 2.e4 d5 3.Nc3 Bb4 4.e5 Qd7 5.a3 Bxc3+ 6.bxc3 b6 7.Qg4 f5 8.Qg3 Bb7
9.Nf3 Nc6 10.Bb5 a6 11.Bd3 O-O-O 12.O-O Na5 13.Nd2 g6 14.Nb3 Nc4 15.a4 a5
16.Nd2 Ba6 17.Qf3 Kb8 18.Qe2 Qc6 19.Qf3 Nxd2 20.Bxd2 Bc4 21.Rfb1 h6 22.Bxc4 Qxc4
23.Qd3  1/2-1/2

[Event "Open"]
[Site "Polanica Zdroj POL"]
[Date "2000.08.23"]
[Round "6"]
[White "Jakubowski,K"]
[Black "Socko,B"]
[Result "0-1"]
[WhiteElo "2371"]
[BlackElo "2528"]

1.e4 e6 2.d4 d5 3.Nc3 Bb4 4.e5 Ne7 5.Bd2 b6 6.Nf3 Bxc3 7.Bxc3 Ba6 8.Bxa6 Nxa6
9.Qe2 Qc8 10.h4 c5 11.h5 h6 12.Rh3 Qb7 13.O-O-O O-O-O 14.Nh4 Nc6 15.Qg4 Rhg8
16.f4 b5 17.f5 b4 18.fxe6 bxc3 19.exf7+ Kb8 20.Rxc3 Qxf7 21.dxc5 d4 22.e6 Qf6
23.Rf3 Qg5+ 24.Qxg5 hxg5 25.Ng6 Nxc5 26.e7 Rde8 27.Re1 Kc7 28.Rf5 Kd6 29.Rxg5 Ne6
30.Rg4 Nxe7 31.Ne5 Nd5 32.Nf7+ Kd7 33.Ne5+ Kc7 34.Nc4 Nf6 35.Rh4 Rh8 36.Reh1 Rh6
37.R1h3 Reh8 38.Ra3 Rxh5 39.Rxa7+ Kc6 40.Rxh5 Rxh5 41.b3 Nc7 42.a4 Nfd5 43.a5 Nc3
44.Kb2  0-1

[Event "ch-FRA Basse"]
[Site "Vichy FRA"]
[Date "2000.08.24"]
[Round "9"]
[White "Guidarelli,L"]
[Black "Vaisser,A"]
[Result "0-1"]
[WhiteElo "2297"]
[BlackElo "2537"]

1.e4 e6 2.d4 d5 3.Nc3 Bb4 4.e5 Ne7 5.h4 c5 6.a3 Bxc3+ 7.bxc3 Nbc6 8.Nf3 Bd7
9.h5 h6 10.Rh4 Qa5 11.dxc5 Nxe5 12.Bd2 Nxf3+ 13.Qxf3 Qxc5 14.Rg4 Rg8 15.Rb1 e5
16.Rxb7 Bxg4 17.Qxg4 f5 18.Qa4+ Kf7 19.Qd7 Rgb8 20.Qxf5+ Kg8 21.Qe6+ Kf8
22.Rb4 a5 23.Rg4 Rb1+ 24.Ke2 Qc8 25.Qxc8+ Rxc8 26.Ra4 Rc4 27.Rxa5 Re4+ 28.Be3 d4
29.Kf3 Rxe3+ 30.fxe3 Rxf1+ 31.Ke2 Rg1 32.cxd4 exd4 33.exd4 Rxg2+ 34.Kd3 Kf7
35.Re5 Rg3+ 36.Re3 Rg5 37.Rh3 Nd5 38.Rf3+ Nf6 39.c4 Ra5 40.Kc2 Rxh5 41.d5 g5
42.a4 g4 43.Rf1 Re5 44.a5 Re8 45.Kb3 h5 46.c5 Re5 47.Kc4 g3 48.a6 Rxd5 49.c6 Rd8
50.Kc5 h4 51.c7 Rc8 52.Kb6 g2  0-1

[Event "ch-HUN KO"]
[Site "Budapest HUN"]
[Date "2000.08.30"]
[Round "2.1"]
[White "Antal,Ge"]
[Black "Donka,P"]
[Result "1-0"]
[WhiteElo "2405"]
[BlackElo "2260"]

1.e4 e6 2.d4 d5 3.Nc3 Bb4 4.e5 b6 5.Qg4 Bf8 6.Bg5 Qd7 7.Nf3 h6 8.Be3 Ne7
9.Nh4 Ba6 10.Bxa6 Nxa6 11.f4 g6 12.Qe2 Nb4 13.a3 Nbc6 14.g4 h5 15.h3 hxg4
16.hxg4 g5 17.fxg5 Ng6 18.Qf2 Nxd4 19.Bxd4 c5 20.Be3 Rxh4 21.Rxh4 Nxh4 22.Qxh4 d4
23.Ne4 Qb5 24.Nf6+ Ke7 25.O-O-O dxe3 26.g6 e2 27.Ng8+ Ke8 28.gxf7+ Kxf7 29.Qh7+ Bg7
30.Nh6+ Ke8 31.Qg8+  1-0

[Event "ch-HUN KO"]
[Site "Budapest HUN"]
[Date "2000.09.01"]
[Round "3.1"]
[White "Borocz,I"]
[Black "Almasi,I"]
[Result "0-1"]
[WhiteElo "2347"]
[BlackElo "2429"]

1.e4 e6 2.d4 d5 3.Nc3 Bb4 4.e5 Ne7 5.a3 Bxc3+ 6.bxc3 c5 7.a4 Qc7 8.Nf3 h6
9.Bd2 b6 10.Bb5+ Bd7 11.Bd3 Nbc6 12.O-O O-O 13.Qc1 c4 14.Be2 f6 15.Bf4 Ng6
16.Bg3 fxe5 17.dxe5 Be8 18.Nd4 Nxd4 19.cxd4 Ne7 20.Bg4 Nf5 21.c3 Bg6 22.Bf4 Qf7
23.Bd2 Ne7 24.f3 Nc6 25.Qa3 Rad8 26.Be1 Bd3 27.Bh4 g5 28.Bf2 Qg6 29.Rfe1 h5
30.Bh3 g4 31.fxg4 hxg4 32.Re3 Rf4 33.Rg3 Rdf8 34.Qc1 Kh7 35.Ra2 Qf5 36.Bxg4 Rxg4
37.Rh3+ Kg8 38.Qh6 Qg6 39.Qh8+ Kf7 40.Rf3+ Bf5 41.Qh3 Ke8 42.Be3 Rxd4  0-1

[Event "chT-POL"]
[Site "Zakopane chT"]
[Date "2000.09.03"]
[Round "2"]
[White "Owczarzak,J"]
[Black "Socko,B"]
[Result "1-0"]
[WhiteElo "2249"]
[BlackElo "2528"]

1.e4 e6 2.d4 d5 3.Nc3 Bb4 4.e5 Ne7 5.Bd2 b6 6.a3 Bxc3 7.Bxc3 Ba6 8.Bxa6 Nxa6
9.Ne2 c5 10.O-O O-O 11.f4 Rc8 12.Qd3 Nc7 13.Rf3 Qd7 14.Rh3 g6 15.g4 Nb5 16.Rf1 Nxc3
17.bxc3 Qa4 18.f5 exf5 19.gxf5 gxf5 20.Rxf5 Ng6 21.Rfh5 Qd7 22.Rxh7 Qg4+
23.Ng3 Rfd8 24.Rh8+ Nxh8 25.Qh7+ Kf8 26.Qxh8+ Qg8 27.Qf6 Ke8 28.Rh8 Qxh8
29.Qxh8+ Kd7 30.Qf6 Kc7 31.Qxf7+ Rd7 32.Qf6 Re8 33.Nf5 cxd4 34.e6  1-0

[Event "LVI ch-POR"]
[Site "Barreiro POR"]
[Date "2000.09.04"]
[Round "3"]
[White "Morais,V"]
[Black "Rodrigues,R"]
[Result "0-1"]
[WhiteElo "2167"]
[BlackElo "2112"]

1.e4 e6 2.d4 d5 3.Nc3 Bb4 4.e5 Ne7 5.Bd2 c5 6.Nb5 Bxd2+ 7.Qxd2 O-O 8.c3 Nbc6
9.Nf3 a6 10.Nd6 cxd4 11.cxd4 f6 12.Nxc8 Rxc8 13.exf6 Rxf6 14.Be2 Qb6 15.O-O Rcf8
16.Rad1 Ng6 17.Rfe1 Nf4 18.Bf1 h6 19.Re3 Nh3+ 20.Kh1 Ng5 21.Nxg5 Rxf2 22.Qd3 hxg5
23.Rh3 Qxd4 24.Qh7+ Kf7 25.Bd3 Nb4 26.Rc1 Ke7 27.Qg6 Nxd3 28.Qxg5+ Qf6 29.Rc7+ Kd8  0-1

[Event "chT-POL"]
[Site "Zakopane chT"]
[Date "2000.09.09"]
[Round "7"]
[White "Bednarska,M"]
[Black "Socko,M"]
[Result "0-1"]
[WhiteElo "2236"]
[BlackElo "2403"]

1.e4 e6 2.d4 d5 3.Nc3 Bb4 4.e5 Ne7 5.Bd3 c5 6.Bd2 Bxc3 7.bxc3 b6 8.Qg4 Kf8
9.Nf3 Ba6 10.Ng5 Bxd3 11.cxd3 h6 12.Qh5 Qe8 13.dxc5 bxc5 14.O-O Nd7 15.Rfe1 Nc6
16.Nf3 Kg8 17.Qh4 Rb8 18.Rab1 Rb6 19.Qa4 Kh7 20.Rxb6 Nxb6 21.Qh4 Ne7 22.g4 Kg8
23.Be3 Ng6 24.Qg3 Qb5 25.Rd1 h5 26.h3 hxg4 27.hxg4 Qa5 28.Rc1 Nd7 29.Rc2 Qa4
30.Rd2 Qb5 31.Rd1 Qb8 32.d4 cxd4 33.cxd4 Nb6 34.Ng5 Nc4 35.Qf3 Qc7 36.Bf4 Qb7
37.Bg3 Qe7 38.Bf4 f6 39.Nh3 Rxh3 40.Qxh3 Nxf4 41.Qf3 fxe5 42.dxe5 Qg5 43.Rd4 Ng6
44.Qd3 Ngxe5 45.Qg3 Nc6 46.Rd1 Qe5 47.Qh4 Qe2 48.Rc1 N4e5 49.Qh5 g6 50.Qh3 Qf3
51.Qxf3 Nxf3+ 52.Kg2 Nfe5 53.Rc5 g5 54.Kg3 Kf7 55.Rc2 Nc4 56.f4 gxf4+ 57.Kxf4 Kg6
58.Rc1 e5+ 59.Kg3 Nb4 60.Rb1 a5 61.a4 d4 62.Kf2 e4 63.Rh1 d3  0-1

[Event "World Seniors"]
[Site "Rowy POL"]
[Date "2000.09.23"]
[Round "11"]
[White "Klovans,J"]
[Black "Uhlmann,W"]
[Result "1-0"]
[WhiteElo "2481"]
[BlackElo "2488"]

1.e4 e6 2.d4 d5 3.Nc3 Bb4 4.e5 Ne7 5.a3 Bxc3+ 6.bxc3 c5 7.Nf3 Qa5 8.Bd2 Nbc6
9.h4 cxd4 10.cxd4 Qa4 11.Bc3 b6 12.Qd3 a5 13.Qd2 Ba6 14.Bxa6 Rxa6 15.h5 h6
16.O-O O-O 17.Rfb1 Na7 18.Rb3 Rc8 19.Ne1 Nb5 20.Bb2 Rc4 21.Rd1 Ra7 22.Qd3 Rb7
23.Nf3 Nc7 24.Bc1 Qc6 25.Bd2 a4 26.Rb2 Nb5 27.Rdb1 Nc3 28.Ra1 Rc7 29.Bxc3 Rxc3
30.Qa6 Nc8 31.Raa2 Rc4 32.Kf1 Qe8 33.Kg1 Kh7 34.Kf1 f5 35.exf6 gxf6 36.Rb4 Rxb4
37.Qd3+ Kg7 38.axb4 Qxh5 39.Rxa4 Nd6 40.Kg1 Ne4 41.Ra6 Rb7 42.Qb5  1-0